000 00873cam a22003013a 4500
001 345
003 PGUSA
005 20140828082947.0
008 951001s1995||||xxu|||||s|||||000 1 eng d
040 _aPGUSA
_beng
042 _adc
050 4 _aPR
100 1 _aStoker, Bram,
_d1847-1912
245 1 0 _aDracula
_h[electronic resource] /
_cBram Stoker
260 _bProject Gutenberg,
_c1995
506 _aPublic domain in the USA.
516 _aElectronic text
653 _aTransylvania (Romania) -- Fiction
653 _aDracula, Count (Fictitious character) -- Fiction
653 _aVampires -- Fiction
653 _aGothic fiction (Literary genre)
653 _aHorror tales
653 _aWhitby (England) -- Fiction
653 _aEpistolary fiction
830 0 _aProject Gutenberg
_v345
856 4 0 _uhttp://www.gutenberg.org/ebooks/345
942 _cEB
999 _c229696
_d229696